| 000 | 00463nam a22001817a 4500 | ||
|---|---|---|---|
| 005 | 20251108172201.0 | ||
| 008 | 250721s1992 xx 000 0 ara d | ||
| 082 | 1 | 4 | _aق/بيا |
| 100 | 1 | _aروفايل، بيار | |
| 245 | 1 | 0 | _aطريق الدموع / |
| 250 | _aط4 | ||
| 264 | 1 |
_aبيروت : _bدار الجيل، _c1992. |
|
| 300 | _a453ص | ||
| 650 | 1 | 7 | _aالأدب العربي |
| 650 | 1 | 7 | _aالروايات |
| 942 |
_2ddc _cBK |
||
| 999 |
_c72562 _d72562 |
||